000 00569nam a2200229Ia 4500
003 OSt
005 20220928141024.0
006 a|||||r|||| 00| 0
007 ta
008 220927b |||||||| |||| 00| 0 eng d
024 _a12897
037 _cTextual
040 _aSDCL
_cSDCL
_beng
041 _2eng
_aeng
082 _aO-,3N04,20, L2
100 _aGreene Graham
245 0 _aSence of reality.
260 _c1972
650 _aGreene Graham-Fiction
_9498507
942 _hO-,3N04,20, L2
_cTEXL
_2CC
999 _c815306
_d815306